Der Richter und sein Henker

محفوظ في:
التفاصيل البيبلوغرافية
المؤلف الرئيسي: Dürrenmatt, Friedrich
التنسيق: كتاب
اللغة:Undetermined
منشور في: Hamburgo, Alemania Rowohlt 1978
الطبعة:11
الموضوعات:
الوسوم: إضافة وسم
لا توجد وسوم, كن أول من يضع وسما على هذه التسجيلة!

MARC

LEADER 00000nam a2200000Ia 4500
008 170316s9999 xx 000 0 und d
040 |a cru BVZT 
090 |a 830 D-4d 
100 |a Dürrenmatt, Friedrich 
245 |a Der Richter und sein Henker 
250 |a 11 
260 |a Hamburgo, Alemania 
260 |b Rowohlt 
260 |c 1978 
300 |a 117páginas 
650 |a LITERATURA ALEMANA 
999 |c 7305  |d 7305 
942 |c 15 D  |h 830 D-4d  |2 z